000 00281nam a22001217a 4500
082 _a941.0850924 MOO
100 _aMooney, Bel
_97366
245 _aDifferences Opinion
260 _aBritain
_bRobson Books
_c1984
300 _a210p.
_b14cm.
650 _aOpinion
_97367
942 _cBK
999 _c15301
_d15301